Прогнозирование оценок остаточного ресурса контрольно-измерительных и радиоэлектронных средств; Измерительная техника; № 3

গ্রন্থ-পঞ্জীর বিবরন
Parent link:Измерительная техника=Measurement Techniques: научно-технический журнал/ Российская Федерация, Федеральное агентство по техническому регулированию и метрологии (Ростехрегулирование) (Госстандарт России).— , 1940-1941, 1955-.— 0368-1025
№ 3.— 2002.— С. 50-53
প্রধান লেখক: Садыхов Г. С.
অন্যান্য লেখক: Блинов А. В.
ভাষা:রুশ
প্রকাশিত: 2002
মালা:Радиотехнические измерения
বিষয়গুলি:
বিন্যাস: গ্রন্থের অধ্যায়
KOHA link:https://koha.lib.tpu.ru/cgi-bin/koha/opac-detail.pl?biblionumber=383563

MARC

LEADER 00000naa2a2200000 4500
001 383563
005 20231101063138.0
035 |a (RuTPU)RU\TPU\prd\9439 
090 |a 383563 
100 |a 20021224a2002 k y0rusy50 ca 
101 0 |a rus 
102 |a RU 
200 1 |a Прогнозирование оценок остаточного ресурса контрольно-измерительных и радиоэлектронных средств  |f Г. С. Садыхов, А. В. Блинов 
225 1 |a Радиотехнические измерения 
320 |a Библиогр.: 10 назв. 
461 1 |0 (RuTPU)RU\TPU\prd\1509  |x 0368-1025  |t Измерительная техника  |l Measurement Techniques  |o научно-технический журнал  |f Российская Федерация, Федеральное агентство по техническому регулированию и метрологии (Ростехрегулирование) (Госстандарт России)  |d 1940-1941, 1955- 
463 1 |0 (RuTPU)RU\TPU\prd\3912  |t № 3  |v С. 50-53  |d 2002 
610 1 |a прогнозирование 
610 1 |a остаточный ресурс 
610 1 |a радиоэлектронные стредства 
610 1 |a контрольно-измерительные средства 
610 1 |a прогнозирование 
675 |a 62-192  |v 3 
700 1 |a Садыхов  |b Г. С. 
701 1 |a Блинов  |b А. В. 
801 1 |a RU  |b 63413507  |c 20021224  |g PSBO 
801 2 |a RU  |b 63413507  |c 20121214  |g RCR 
942 |c BK